000 00819nam a2200241Ia 4500
003 GCL
005 20240530101811.0
008 140319s9999 xx 000 0 ara d
040 _aGCL /
_cGCL
082 0 4 _a962
_bق/م م
100 1 _aمحمد عبدالرحمن برج
245 1 0 _aمصر والحركة العربية /
_cمحمد عبدالرحمن برج
260 _a[S.N] :
_bالهيئة المصرية العامة للكتاب ،
_c1992
300 _a171 ص
490 _aمصر النهضة
_v0
650 0 4 _aالعصر الحديث
650 0 4 _aالعالم العربى
650 0 4 _aالعلاقات الدولية
650 0 4 _aالقومية العربية
650 0 4 _aمصر - تاريخ
650 0 4 _aمصر - تاريخ - العصر الحديث (1805 - 1956 )
942 _2ddc
_cBK
999 _c27793
_d27793